Debates de la sala de representantes de la provincia de buenos aires.... /
Guardado en:
| Formato: | Libro |
|---|---|
| Publicado: |
San Nicolás :
,
1951
|
| Materias: | |
| Etiquetas: |
Agregar Etiqueta
Sin Etiquetas, Sea el primero en etiquetar este registro!
|
| LEADER | 00430nam a22001455a 4500 | ||
|---|---|---|---|
| 001 | CEM.cems000675 | ||
| 005 | 20060210000000.0 | ||
| 008 | 130507s1951##################000#0#####d | ||
| 003 | CEMS | ||
| 082 | 0 | 4 | |a 982.04 |
| 245 | 0 | 0 | |a Debates de la sala de representantes de la provincia de buenos aires.... / |
| 260 | |a San Nicolás : |b , |c 1951 | ||
| 300 | |a 185 p. | ||
| 653 | |a Historia | ||
| 859 | |a CEMS |b BIB. CEMS - 11 de abril |h 982.04 |i Ar37 |p 9627.81 |t Ej.1 | ||
